000 00949nam a2200265Ia 4500
003 OSt
005 20221005105640.0
006 a|||||r|||| 00| 0
007 ta
008 221004b |||||||| |||| 00| 0 hin d
020 _a8181436180 (hbk)
_c500
024 _a122130
037 _b606, 30/07/2012, Independent Publishers Group
_cTextual
040 _aCRL
_cCRL
_bhin
041 _2hin
_ahin
082 _aO152,1I80x, P7
100 _aशुक्ल, रामचंद्र
245 0 _aजायसी ग्रंथावली
246 _aJāyasī granthāvalī
260 _aनई दिल्ली
_bवाणी प्रकाशन भारत
_c2007
300 _a515पृ0
_ccm.
650 _aहिन्दी साहित्य
942 _hO152,1I80x, P7
_cTEXL
_2cc
999 _c1016458
_d1016458